Drugie imiona nadane chłopcom w 2023 roku - Statystyki

Ogólne statystyki
  • Ten quiz został rozwiązany 107 razy
  • Średni wynik to 88 z 200
Statystyki odpowiedzi
Odpowiedź % Poprawnych
J Jan
100%
P Piotr
95%
P Paweł
93%
J Jakub
90%
T Tomasz
88%
A Aleks
85%
A Alex
85%
A Andrzej
85%
A Antoni
85%
S Stanisław
85%
A Adam
83%
A Aleksander
83%
A Alexander
83%
F Franciszek
83%
Ł Łukasz
80%
M Michał
80%
S Szymon
80%
D Damian
78%
K Kamil
78%
B Bartosz
76%
B Bartłomiej
73%
D David
73%
F Filip
73%
K Kacper
73%
M Mateusz
73%
W Wojciech
73%
D Daniel
71%
D Dawid
71%
J Janusz
71%
K Krzysztof
71%
L Leo
71%
L Leon
71%
M Mark
71%
P Patryk
71%
D Dariusz
68%
E Eryk
68%
G Grzegorz
68%
H Henry
68%
M Maciej
68%
M Marcin
68%
M Marek
68%
W Wiktor
68%
D Dominik
66%
I Igor
66%
J Jerzy
66%
K Karol
66%
K Kazimierz
66%
M Mikołaj
66%
N Nikodem
66%
A Artur
63%
C Czesław
63%
J Józef
63%
J Julian
63%
P Przemysław
63%
A Arkadiusz
61%
E Emil
61%
H Henryk
61%
H Hubert
61%
M Maria
61%
R Rafał
61%
R Robert
61%
T Tadeusz
61%
W Władysław
61%
E Edward
59%
G Gabriel
59%
J Jarosław
59%
K Konrad
59%
M Mariusz
59%
N Natan
59%
O Olivier
59%
O Oliwer
59%
O Oliwier
59%
R Radosław
59%
T Tymoteusz
59%
Z Zbigniew
59%
A Adrian
56%
J Jacek
56%
M Marcel
56%
M Marian
56%
M Mirosław
56%
K Kuba
54%
M Miłosz
54%
O Oskar
54%
R Roman
54%
C Cezary
51%
F Fabian
51%
I Ignacy
51%
S Sebastian
51%
A Alan
49%
K Krystian
49%
M Maksymilian
49%
O Olaf
49%
T Tymon
49%
L Lucjan
46%
M Mieczysław
46%
N Norbert
46%
S Sylwester
46%
W Włodzimierz
46%
Z Zenon
46%
A Albert
44%
S Stefan
44%
T Teodor
44%
W Wiesław
44%
B Bolesław
41%
F Fryderyk
41%
I Ireneusz
41%
J Juliusz
41%
K Kornel
41%
L Ludwik
41%
R Ryszard
41%
S Sławomir
41%
W Waldemar
41%
Z Zdzisław
41%
B Bogusław
39%
E Edmund
39%
F Florian
39%
N Nataniel
39%
B Bronisław
37%
W Wacław
37%
W Wit
37%
B Bogdan
34%
B Borys
34%
K Kordian
34%
L Lech
34%
W Witold
34%
B Błażej
32%
F Feliks
32%
K Klaudiusz
32%
L Leszek
32%
M Mieszko
32%
R Remigiusz
32%
Z Zygmunt
32%
B Bruno
29%
C Cyprian
29%
G Gustaw
29%
J Jędrzej
29%
J Jeremi
29%
K Ksawery
29%
A Amadeusz
27%
E Eugeniusz
27%
K Konstanty
27%
L Leonard
27%
T Tobiasz
27%
D Dorian
24%
G Gracjan
24%
I Iwo
24%
K Kajetan
24%
O Olgierd
24%
S Seweryn
24%
S Szczepan
24%
V Vincent
24%
W Wincent
24%
A Alojzy
22%
B Bogumił
22%
B Bernard
20%
J Jeremiasz
20%
S Samuel
20%
T Teofil
20%
A August
17%
B Bożydar
17%
H Hieronim
17%
M Marceli
17%
M Milan
17%
W Wincenty
17%
A Alfred
15%
E Ernest
15%
E Erwin
15%
L Leopold
15%
H Hugo
12%
J Joachim
12%
M Maurycy
12%
O Oktawian
12%
W Walenty
12%
A Aleksy
10%
B Benedykt
10%
M Martin
10%
M Michael
10%
A Augustyn
7%
B Brajan
7%
D Denis
7%
F Felicjan
7%
G Gerard
7%
N Noe
7%
R Roch
7%
W Wawrzyniec
7%
A Aron
5%
A Aureliusz
5%
B Beniamin
5%
E Emanuel
5%
J Joseph
5%
K Kosma
5%
L Lesław
5%
L Lew
5%
L Liam
5%
P Paul
5%
T Tytus
5%
B Brunon
2%
G Gniewko
2%
J James
2%
T Thomas
0%
Nie znaleziono quizów pasujących do podanych kryteriów
Rozkład punktacji
Procent ludzi z każdym wynikiem
Percentyl według liczby udzielonych odpowiedzi
Twoja historia wyników
Nie rozwiązałeś tego quizu